000
00252nam a2200109Ia 4500
008
220204s9999 xx 000 0 und d
082
_a
329(540)
_b
ABB
100
_a
Abbas, K A
245
0
_a
Janata in a jam
260
_a
Bombay
_b
Jaico
_c
1978
942
_c
BK
999
_c
30069
_d
30069